| 000 | 00422nam a2200181Ia 4500 | ||
|---|---|---|---|
| 005 | 20250603145657.0 | ||
| 008 | 250603s9999 xx 000 0 und d | ||
| 020 | _a9789350145821 | ||
| 050 | _aHE 363.N22 .C35/ | ||
| 100 | _aCaikui, Lin | ||
| 245 | 0 | _aRoad ecological engineering | |
| 260 | _aNew delhi | ||
| 260 | _bS.K. kataria & sons | ||
| 260 | _c2015 | ||
| 300 | _a349 p | ||
| 650 | _aNew delhi | ||
| 942 | _cBK | ||
| 999 |
_c42529 _d42529 |
||